Normal view
MARC view
Entry Topical Term
001 - CONTROL NUMBER
- control field: 10844
003 - CONTROL NUMBER IDENTIFIER
- control field: BD-RjUL
005 - DATE AND TIME OF LATEST TRANSACTION
- control field: 20240115151827.0
008 - FIXED-LENGTH DATA ELEMENTS
- fixed length control field: 240115|| aca||aabn | a|a d
040 ## - CATALOGING SOURCE
- Original cataloging agency: BD-RjUL
- Transcribing agency: BD-RjUL
150 ## - HEADING--TOPICAL TERM
- Topical term or geographic name entry element: Suspense fiction
670 ## - SOURCE DATA FOUND
- Source citation: Work cat.: (BD-RjUL)82621: Greene, Graham 10836, A gun for sale : , 1947, [reprinted 1955]